000 00892nam a2200193 i 4500
001 166356
003 ES-MaACL
005 20251017063110.0
008 950111s1889 sp af |||| | spa d
100 1 _aToda, Eduardo,
_d1852-1941
_9133280
245 1 0 _aA través del Egipto /
_cpor Eduardo Toda Güell ; ilustraciones de José Riudavets.
260 _aMadrid :
_bEl Progreso Editorial,
_c1889.
300 _a470 p. [33] h. de lám. ;
_c29 cm.
599 _aLas [33] h. de lám. intercaladas en el texto algunas firmadas: "J. Cebrian Pinto, lit. de Fernandez"
651 4 _aEgipto-
_xDescripción.
_98141
700 1 _aRiudavets, José.
_9147778
852 _aES-MaACL
_jC-2289
_z-- Enc. tela
_z.- Sellos de la biblioteca del Ateneo semiborrados.- Anotación manuscrita: "Recuperado en 4 diciembre 1929 por el auxiliar de la biblioteca Alberto Gallego"
999 _c166356
_d166356